000
00301nam a22001217a 4500
008
170615b xxu||||| |||| 00| 0 eng d
041
_a
eng
080
_2
3RD
_a
328
100
_a
19
101
_a
SHP
245
_a
IDEOLOGY, POLITICS, AND GOVERNMENT IN THE SOVIET UNION
_c
ARMSTRON,J.A
942
_2
udc
_c
BK
999
_c
17472
_d
17472